• 首页
  • 本馆介绍
  • 公告通知
  • 最新文献
  • 馆藏检索
  • 电子资源
  • 读者导购
  • 参考咨询
  • 我的图书馆
  • 登录
  • 详细信息显示
  • 放入我的书架
  • 预约/预借图书
  • 作者相关作品
  • 分类相关作品
  • 丛书相关作品
  • 出版社相关作品

书目信息

  • 表格格式
  • 工作单格式
  • 卡片格式
题名:
电子商务与现代物流
    
 
作者: 沈易娟 , 杨凯 , 王艳艳 主编
分册:  
出版信息: 上海   上海交通大学出版社  2020
页数: 229页
开本: 26cm
丛书名:
单 册:
中图分类: F713.365.1
科图分类:
主题词: 电子商务--dian zi shang wu--物流管理
电子资源:
ISBN: 978-7-313-22431-6
000 01273nam0 2200289 450
001 2157982746
005 20211011172911.0
010    @a978-7-313-22431-6@dCNY49.80
100    @a20200229d2020 em y0chiy0120 ea
101 0  @achi
102    @aCN@b310000
105    @aak a 000yy
106    @ar
200 1  @a电子商务与现代物流@Adian zi shang wu yu xian dai wu liu@f沈易娟, 杨凯, 王艳艳主编
210    @a上海@c上海交通大学出版社@d2020
215    @a229页@c图@d26cm
320    @a有书目 (第229页)
330    @a本书共分13章, 主要介绍电子商务环境下如何开展物流管理的理论知识与应用方法, 具体阐述了电子商务与物流的基本概念与特点、物流系统及其基本功能、电子商务物流市场及物流模式、电子商务采购与库存管理、电子商务物流配送与配送中心、电子商务物流技术与信息系统管理、电子商务物流服务与物流成本管理、电子商务环境下的供应链管理、电子商务时代的国际物流、物流网络营销、物流电子商务网站管理等内容。
333    @a校企合作电子商务专业精品教材 “互联网+教育”新形态教材
333    @a电子商务相关从业人员
606 0  @a电子商务@Adian zi shang wu@x物流管理
690    @aF713.365.1@v5
701  0 @a沈易娟@Ashen yi juan@4主编
701  0 @a杨凯@Ayang kai@4主编
701  0 @a王艳艳@Awang yan yan@4主编
801  0 @aCN@b百万庄@c20211006
905    @b1305853-56@dF713.365.1@e1187@f4
    
    电子商务与现代物流/沈易娟, 杨凯, 王艳艳主编.-上海:上海交通大学出版社,2020
    229页:图;26cm
    使用对象:校企合作电子商务专业精品教材 “互联网+教育”新形态教材.-;电子商务相关从业人员
    
    ISBN 978-7-313-22431-6:CNY49.80
    本书共分13章, 主要介绍电子商务环境下如何开展物流管理的理论知识与应用方法, 具体阐述了电子商务与物流的基本概念与特点、物流系统及其基本功能、电子商务物流市场及物流模式、电子商务采购与库存管理、电子商务物流配送与配送中心、电子商务物流技术与信息系统管理、电子商务物流服务与物流成本管理、电子商务环境下的供应链管理、电子商务时代的国际物流、物流网络营销、物流电子商务网站管理等内容。
●
相关链接 在E读中查询图书 在五车中查询图书 在当当中查询图书 在豆瓣中查询图书


正题名:电子商务与现代物流     索取号:F713.365.1/1187         预约/预借

序号 登录号 条形码 馆藏地/架位号 状态 备注
1 1305853   213058536   第一样本阅览室/ [索取号:F713.365.1/1187] 在馆    
2 1305854   213058545   第一借阅区/ [索取号:F713.365.1/1187] 在馆    
3 1305855   213058554   第一借阅区/ [索取号:F713.365.1/1187] 在馆    
4 1305856   213058563   第一借阅区/ [索取号:F713.365.1/1187] 在馆    
唐山师范学院图书馆 欢迎您!
大连网信软件有限公司© 版权所有